| 000 | 01090nam2a22002531 4500 | ||
|---|---|---|---|
| 001 | RU\NLR\INFOCOMM18\1000094752 | ||
| 005 | 20260607143647.0 | ||
| 035 | _a(NLR Aleph) 002758812 | ||
| 090 |
_a13727726 _c13727726 |
||
| 100 | _a20040205d1955 |||y0rusy50 ca | ||
| 101 | 0 | _arus | |
| 102 | _aUA | ||
| 105 | _ay ||||||||| | ||
| 200 | 1 |
_aОпределение фактической стоимости механизации строительных работ _fИ.С. Пальма |
|
| 210 | _d1955 | ||
| 461 | 0 |
_1001RU\NLR\INFOCOMM18\1000094744 _12001#$aИнформационное письмо$fУССР. М-во угольной пром. Всесоюз. науч.-исслед. ин-т организации и механизации пром. и жилищного строительства "ВНИИОМ Промжилстрой". Отд. техн. информации$v17 |
|
| 700 | 1 |
_aПальма _bИ. С. _4070 |
|
| 801 | 0 |
_aRU _bNLR _gPSBO |
|
| 801 | 1 |
_aRU _bInfoComm _c20040205 |
|
| 852 |
_aNLR _jП10/1331 |
||
| 942 | _cISSUE | ||
| 980 | _aRUSPER | ||
| 980 | _aNB | ||